Statistics for History Containing the Letter Q

Click here to take the quiz!

General Stats

  • This quiz has been taken 67 times
  • The average score is 12 of 20

Answer Stats

HintAnswer% Correct
In September 2015, Elizabeth became the United Kingdom's oldest one of theseQueen
100%
Possibly Canada's oldest cityQuebec City
97%
Central religious text of IslamQuran
95%
Where democracy protesters are slaughteredTienanmen {Square}
93%
Country invaded by the United States in 2003Iraq
92%
Pennsylvania was founded by this religious groupQuakers
89%
First dynasty of Imperial ChinaQin
84%
Type of structure once used to bring water into RomeAqueduct
82%
John Adams' middle nameQuincy
80%
Country granted independence from Britain in 1971Qatar
62%
Vice president to George H.W. BushDan Quayle
59%
Catholic institution used to prosecute hereticsInquisition
57%
Norwegian WWII leader who collaborated with the NazisVidkun Quisling
41%
The Great Tangshan is the most deadly one of these in the last 100 yearsEarthquake
38%
Confederation of six northeast Native American tribesIroquois
34%
Large French colony where present-day Chad, Gabon and others are now locatedFrench {Equatorial} {Africa}
25%
Controversial drug Donald Trump said he used to prevent Covid-19Hydroxychloroquine
23%
Communist country from 1975 to 1990Mozambique
23%
Chinese city formerly called TihwaÜrümqi
5%
French explorer who became the first European to set foot on CanadaJacques Cartier
3%

Score Distribution

Percentile by Number Answered

Percent of People with Each Score

Your Score History

You have not taken this quiz